000
00266nam a2200133Ia 4500
100
_a
Davis/Fred
942
_c
BK
654
_a
Windows
245
_a
Windows 3.1. Bible
260
_b
Galgotia
_a
New Delhi
_c
1993
300
_a
1128
546
_a
ENGLISH
999
_c
29883
_d
29883